Guess Celebrities By Fictional Full Names #1 - Statistics

General Stats
  • This quiz has been taken 25 times
  • The average score is 4 of 7
Answer Stats
Hint Answer % Correct
Elongated Musketeer Elon Musk
95%
Jackal Whiteboard Jack White
77%
Cardigan Behemoth Cardi B
64%
Lilly Nasal Xerox Lil Nas X
64%
Timeline Cookbook Tim Cook
50%
Centralized Celibacy Central Cee
41%
Dravidian Dreadlocks Dr Dre
18%
No matching quizzes found
Score Distribution
Percent of People with Each Score
Percentile by Number Answered
Your Score History
You have not taken this quiz